Biggest Cold war Events - Statistics

General Stats
  • This quiz has been taken 17 times
  • The average score is 3 of 15
Answer Stats
Hint Answer % Correct
1950-1953 Korean War
93%
1949+1955 NATO/Warsaw Pact
33%
1968 Prague Spring
33%
1956 Hungarian Revolution
27%
1959-1962 Cubacrisis
20%
1991 USSR Collapse
20%
1960s Space Race
13%
1951 China is communist
7%
1969 First person on moon
7%
1946 Germany divided
7%
1979-1988 War in Afghanistan
7%
1961 Berlin Wall building
0%
1989 Berlin Wall collapse
0%
1985 Stop Nuclear Testing
0%
1980 Tito Dies
0%
No matching quizzes found
Score Distribution
Percent of People with Each Score
Percentile by Number Answered
Your Score History
You have not taken this quiz